Elements of the Periodic Table: Three Minute Sprint - Statistics

General Stats
  • This quiz has been taken 1,507 times
  • The average score is 56 of 114
Answer Stats
ANSWER % Correct
Hydrogen
98%
Helium
95%
Boron
89%
Oxygen
87%
Carbon
86%
Nitrogen
86%
Lithium
85%
Neon
81%
Argon
79%
Silver
79%
Gold
78%
Magnesium
78%
Iron
76%
Beryllium
75%
Chlorine
75%
Copper
75%
Fluorine
74%
Potassium
74%
Calcium
73%
Aluminium
72%
Sodium
72%
Krypton
71%
Zinc
68%
Tin
67%
Manganese
66%
Xenon
66%
Cobalt
65%
Silicon
65%
Sulfur
65%
Arsenic
63%
Iodine
62%
Lead
61%
Nickel
61%
Phosphorus
61%
Germanium
60%
Bromine
59%
Mercury
59%
Radon
59%
Titanium
59%
Gallium
58%
Uranium
57%
Yttrium
57%
Barium
55%
Chromium
55%
Vanadium
55%
Cesium
53%
Selenium
52%
Indium
51%
Radium
51%
Antimony
50%
Plutonium
50%
Scandium
50%
Cadmium
49%
Francium
49%
Platinum
49%
Strontium
47%
Curium
46%
Einsteinium
46%
Zirconium
46%
Astatine
45%
Palladium
45%
Tungsten
44%
Polonium
43%
Rhodium
43%
Rubidium
43%
Bismuth
42%
Erbium
42%
Iridium
41%
Molybdenum
41%
Neptunium
41%
Lanthanum
40%
Cerium
39%
Niobium
38%
Osmium
38%
Ytterbium
38%
Americium
37%
Europium
37%
Californium
36%
Ruthenium
35%
Thallium
35%
Hafnium
34%
Tellurium
34%
Rhenium
33%
Terbium
33%
Actinium
32%
Technetium
32%
Tantalum
30%
Thorium
30%
Holmium
29%
Thulium
29%
Berkelium
27%
Gadolinium
27%
Neodymium
27%
Rutherfordium
27%
Bohrium
26%
Dysprosium
26%
Lutetium
26%
Promethium
26%
Samarium
26%
Nobelium
25%
Praseodymium
25%
Dubnium
24%
Fermium
24%
Hassium
24%
Lawrencium
24%
Mendelevium
22%
Seaborgium
21%
Copernicium
20%
Protactinium
20%
Darmstadtium
19%
Flerovium
19%
Livermorium
17%
Meitnerium
15%
Roentgenium
13%
No matching quizzes found
Score Distribution
Percent of People with Each Score
Percentile by Number Answered
Your Score History
You have not taken this quiz